000 00720nam a2200193 a 4500
001 000036727
005 20200930075911.0
008 120126s1964 mx a 000 0 spa d
040 _aDO-SdBNP
_bspa
_cBNPHU
082 _axxxx
_bS623v
100 1 _aSistrom, W. R.
_963038
240 1 0 _aMicrobial life
_lEspañol
245 1 0 _aVida microbiana :
_bdescubrimiento modernos sobre sus sitemas geneticos, síntesis de proteinas y metabolismo /
_cW. R. Sistrom ; traducido por Raul I. Blaisten.
260 _aMéxico :
_bCompañía Editorial Continental,
_c1964.
300 _a154 p. ;
_c23 cm.
490 1 _aSerie moderna de biología
700 1 _aBlaisten, Raul I.,
_etr.
_963039
830 0 _aSerie moderna de biología
_963040
999 _c36218
_d36218